[Event "Olomouc Seniors op"]
[Site "Olomouc"]
[Date "2022.08.13"]
[Round "1"]
[White "Vit, Zdenek"]
[Black "Mikulas, Dusan"]
[Result "0-1"]
[WhiteElo "1690"]
[BlackElo "2045"]
[PlyCount "38"]
[EventDate "2022.08.13"]
[EventType "swiss"]
[EventRounds "9"]
[EventCountry "CZE"]
[SourceTitle "CBM 209 Extra"]
[Source "ChessBase"]
[SourceDate "2022.09.30"]
[SourceVersion "1"]
[SourceVersionDate "2022.09.30"]
[SourceQuality "1"]

1. e4 c5 2. Nf3 d6 3. d4 cxd4 4. Nxd4 Nf6 5. Nc3 Nc6 6. Be2 a6 7. Be3 e6 8. 0-0 Be7 9. Nxc6 bxc6 10. b3 0-0 11. f3 d5 12. exd5 cxd5 13. Na4 Rb8 14. Kh1 Qc7 15. Bd3 Bd6 16. f4 e5 17. fxe5 Bxe5 18. Rc1 Ng4 19. Bc5 Bd4 0-1

[Event "Prague Golden 65+ op 17th"]
[Site "Prague"]
[Date "2022.07.17"]
[Round "9"]
[White "Vit, Zdenek"]
[Black "Pokorna, Jana"]
[Result "1/2-1/2"]
[WhiteElo "1694"]
[BlackElo "1833"]
[PlyCount "62"]
[EventDate "2022.07.09"]
[EventType "swiss"]
[EventRounds "9"]
[EventCountry "CZE"]
[SourceTitle "CBM 209 Extra"]
[Source "ChessBase"]
[SourceDate "2022.09.30"]
[SourceVersion "1"]
[SourceVersionDate "2022.09.30"]
[SourceQuality "1"]

1. e4 c5 2. Nf3 Nc6 3. d4 cxd4 4. Nxd4 e5 5. Nb5 a6 6. Nd6+ Bxd6 7. Qxd6 Qe7 8. Qd1 Nf6 9. Nc3 h6 10. Be3 d6 11. Be2 0-0 12. 0-0 Be6 13. a3 Qd8 14. Qe1 Ng4 15. Bxg4 Bxg4 16. f3 Be6 17. Qg3 Kh7 18. Rfd1 Qc7 19. Qf2 b5 20. Nd5 Bxd5 21. Rxd5 Ne7 22. Rd3 Rac8 23. c3 f5 24. Rad1 Rf6 25. Bb6 Qc6 26. exf5 Nxf5 27. Ba5 e4 28. fxe4 Qxe4 29. Qf3 Re8 30. Qxe4 Rxe4 31. Bb6 h5 1/2-1/2

[Event "Prague Menchik Memorial Rapid"]
[Site "Prague"]
[Date "2021.09.28"]
[Round "1"]
[White "Hosticka, Frantisek"]
[Black "Vit, Zdenek"]
[Result "1-0"]
[WhiteElo "2052"]
[BlackElo "1728"]
[PlyCount "68"]
[EventDate "2021.09.28"]
[EventType "swiss (rapid)"]
[EventRounds "9"]
[EventCountry "CZE"]
[SourceTitle "CBM 204 Extra"]
[Source "ChessBase"]
[SourceDate "2021.11.30"]
[SourceVersion "1"]
[SourceVersionDate "2021.11.30"]
[SourceQuality "1"]

1. e4 e5 2. Bb5 c6 3. Ba4 Nf6 4. d3 h6 5. Nf3 Qc7 6. Nbd2 Be7 7. c3 d6 8. Bc2 Bg4 9. h3 Bh5 10. Nf1 Nbd7 11. Ng3 Bg6 12. 0-0 0-0 13. Nh4 Nh7 14. Nhf5 Bf6 15. Qf3 Ng5 16. Qg4 Ne6 17. h4 Kh8 18. Qf3 Rad8 19. Bb3 Ndc5 20. Nxh6 Nxb3 21. axb3 Bxh4 22. Nhf5 Bg5 23. Rxa7 Bxc1 24. Rxc1 d5 25. exd5 cxd5 26. Ra4 Qd7 27. Rh4+ Kg8 28. Qg4 Nf4 29. d4 Bxf5 30. Nxf5 Ng6 31. dxe5 Qe6 32. f4 Qb6+ 33. Kh1 Qxb3 34. Nxg7 Kxg7 1-0

[Event "Ricany op"]
[Site "Ricany"]
[Date "2020.08.22"]
[Round "1"]
[White "Cermak, Jan2222"]
[Black "Vit, Zdenek"]
[Result "1/2-1/2"]
[WhiteElo "1971"]
[BlackElo "1703"]
[PlyCount "56"]
[EventDate "2020.08.22"]
[EventType "swiss"]
[EventRounds "9"]
[EventCountry "CZE"]
[SourceTitle "CBM 198 Extra"]
[Source "ChessBase"]
[SourceDate "2020.11.30"]
[SourceVersion "1"]
[SourceVersionDate "2020.11.30"]
[SourceQuality "1"]

1. e4 e5 2. Nf3 Nc6 3. Bb5 a6 4. Ba4 Nf6 5. 0-0 Nxe4 6. Re1 Nc5 7. Bxc6 dxc6 8. d4 Ne6 9. dxe5 Qxd1 10. Rxd1 Bd7 11. Be3 Be7 12. Nbd2 0-0 13. Nb3 Rad8 14. Nbd4 Nxd4 15. Bxd4 b6 16. c4 c5 17. Bc3 Be6 18. Nd2 Rd3 19. Kf1 Rfd8 20. Ke2 b5 21. cxb5 axb5 22. Ba5 Bg5 23. Nf3 Rxd1 24. Rxd1 Rxd1 25. Kxd1 Be7 26. a3 c6 27. Ke2 f6 28. Ke3 Bd5 1/2-1/2

[Event "Prague Golden op 14th"]
[Site "Prague"]
[Date "2018.07.07"]
[Round "8"]
[White "Vit, Zdenek"]
[Black "Mach, Petr1111"]
[Result "0-1"]
[WhiteElo "1707"]
[BlackElo "1656"]
[PlyCount "128"]
[EventDate "2018.06.30"]
[EventType "swiss"]
[EventRounds "9"]
[EventCountry "CZE"]
[SourceTitle "CBM 185 Extra"]
[Source "ChessBase"]
[SourceDate "2018.07.29"]
[SourceVersion "1"]
[SourceVersionDate "2018.07.29"]
[SourceQuality "1"]

1. e4 c5 2. Nf3 Nc6 3. d4 cxd4 4. Nxd4 Nf6 5. Nc3 e6 6. a3 a6 7. Be3 Be7 8. Be2 0-0 9. f4 d6 10. 0-0 Bd7 11. Bf3 Qc7 12. Qd2 Na5 13. b3 Rac8 14. Nce2 g6 15. e5 Nd5 16. Bf2 Nxf4 17. Qxf4 dxe5 18. Qd2 exd4 19. Nxd4 e5 20. Ne2 Rfd8 21. Be1 Nc6 22. Qh6 Bf8 23. Qg5 h6 24. Qg3 Bg7 25. Rd1 Be6 26. Bc3 Ne7 27. Qe1 Rxd1 28. Qxd1 Rd8 29. Qe1 Nd5 30. Ba5 b6 31. Bxd5 Rxd5 32. Bc3 Qc5+ 33. Qf2 Qxf2+ 34. Kxf2 Bf8 35. a4 Bf5 36. Rc1 Ba3 37. Ra1 Bc5+ 38. Ke1 Bxc2 39. b4 Be7 40. a5 b5 41. Rc1 Be4 42. g3 Bg5 43. Rd1 Rxd1+ 44. Kxd1 f6 45. Ng1 Be3 46. Nh3 Kf7 47. Ke2 Ba7 48. Nf2 Bf5 49. Kf3 Ke6 50. Bd2 h5 51. h3 Kd5 52. g4 hxg4+ 53. hxg4 e4+ 54. Ke2 Be6 55. g5 f5 56. Nh3 Bf7 57. Nf4+ Ke5 58. Ng2 Bc4+ 59. Ke1 Bf7 60. Bf4+ Kd5 61. Kd2 Kc4 62. Bd6 Bd4 63. Ne3+ Kb3 64. Nc2 Bc3+ 0-1

[Event "Prague Golden op 14th"]
[Site "Prague"]
[Date "2018.07.04"]
[Round "5"]
[White "Vit, Zdenek"]
[Black "Pribyl, Josef"]
[Result "0-1"]
[WhiteElo "1707"]
[BlackElo "2263"]
[PlyCount "60"]
[EventDate "2018.06.30"]
[EventType "swiss"]
[EventRounds "9"]
[EventCountry "CZE"]
[SourceTitle "CBM 185 Extra"]
[Source "ChessBase"]
[SourceDate "2018.07.29"]
[SourceVersion "1"]
[SourceVersionDate "2018.07.29"]
[SourceQuality "1"]

1. e4 d6 2. d4 Nf6 3. Nc3 g6 4. f3 c6 5. Be3 Qb6 6. Rb1 Nbd7 7. Qd2 Qc7 8. a4 e5 9. Nh3 Bg7 10. Nf2 h5 11. Bc4 0-0 12. Nd3 Re8 13. dxe5 Nxe5 14. Nxe5 dxe5 15. Qf2 Nd7 16. 0-0 Nb6 17. Bb3 Be6 18. Bxe6 Rxe6 19. b3 Bf8 20. Bc5 Bxc5 21. Qxc5 Nd7 22. Qe3 Nf8 23. Rbd1 b6 24. Rd3 Rd8 25. Rfd1 Red6 26. Kf2 Ne6 27. Ne2 Kg7 28. g3 Nc5 29. Nc1 Nxd3+ 30. Nxd3 c5 0-1

[Event "Prague Holiday K31"]
[Site "Prague"]
[Date "2017.08.03"]
[Round "7"]
[White "Vit, Zdenek"]
[Black "Pokorny, Jan1111"]
[Result "1/2-1/2"]
[WhiteElo "1889"]
[BlackElo "1835"]
[PlyCount "22"]
[EventDate "2017.07.30"]
[EventType "tourn"]
[EventRounds "9"]
[EventCountry "CZE"]
[SourceTitle "EXT 2023"]
[Source "ChessBase"]
[SourceDate "2022.10.05"]
[SourceVersion "1"]
[SourceVersionDate "2022.10.05"]
[SourceQuality "1"]

1. e4 c5 2. Nf3 g6 3. c3 Bg7 4. d4 cxd4 5. cxd4 d6 6. Nc3 Nf6 7. Bc4 0-0 8. 0-0 Nxe4 9. Nxe4 d5 10. Bd3 dxe4 11. Bxe4 Nc6 1/2-1/2

[Event "Prague Golden op 13th"]
[Site "Prague"]
[Date "2017.07.09"]
[Round "9"]
[White "Vit, Zdenek"]
[Black "Nemecek, Pavel2222"]
[Result "1-0"]
[WhiteElo "1889"]
[BlackElo "1363"]
[PlyCount "107"]
[EventDate "2017.07.01"]
[EventType "swiss"]
[EventRounds "9"]
[EventCountry "CZE"]
[SourceTitle "EXT 2018"]
[Source "ChessBase"]
[SourceDate "2017.10.13"]
[SourceVersion "1"]
[SourceVersionDate "2017.10.13"]
[SourceQuality "1"]

1. e4 d5 2. exd5 Qxd5 3. Nc3 Qa5 4. d4 Nf6 5. Bd3 c6 6. h3 Qc7 7. Nge2 e6 8. Bf4 Bd6 9. Qd2 Nbd7 10. 0-0-0 b5 11. Bxd6 Qxd6 12. g4 0-0 13. g5 Nd5 14. Ne4 Qb4 15. N4c3 N7b6 16. Nxd5 Qxd2+ 17. Kxd2 Nxd5 18. c3 Re8 19. f4 a5 20. a3 b4 21. Be4 bxa3 22. c4 Ne7 23. bxa3 Ba6 24. Kc3 Rac8 25. Ng3 Red8 26. f5 Nd5+ 27. Bxd5 cxd5 28. c5 Re8 29. fxe6 Rxe6 30. Rhe1 g6 31. Rb1 Rxe1 32. Rxe1 Rb8 33. Kc2 Kf8 34. Re3 a4 35. Ne2 Rb3 36. Kd2 Rb2+ 37. Kc1 Bxe2 38. Rxe2 Rb3 39. c6 Rc3+ 40. Rc2 Rxc2+ 41. Kxc2 Ke7 42. Kc3 Kd6 43. Kb4 Kxc6 44. Kxa4 Kd6 45. Kb5 f5 46. gxf6 Ke6 47. a4 Kxf6 48. a5 h5 49. a6 Kg5 50. a7 Kh4 51. a8Q Kxh3 52. Qxd5 g5 53. Qxg5 h4 54. d5 1-0

[Event "Prague Golden op 13th"]
[Site "Prague"]
[Date "2017.07.06"]
[Round "6"]
[White "Vit, Zdenek"]
[Black "Barton, Milan"]
[Result "0-1"]
[WhiteElo "1889"]
[BlackElo "1823"]
[PlyCount "84"]
[EventDate "2017.07.01"]
[EventType "swiss"]
[EventRounds "9"]
[EventCountry "CZE"]
[SourceTitle "CBM 179 Extra"]
[Source "ChessBase"]
[SourceDate "2017.08.23"]
[SourceVersion "1"]
[SourceVersionDate "2017.08.23"]
[SourceQuality "1"]

1. e4 e5 2. Nf3 Nc6 3. Bc4 Bc5 4. c3 Nf6 5. d3 0-0 6. a4 a5 7. 0-0 h6 8. Nbd2 d6 9. h3 Bb6 10. Re1 Ne7 11. Nf1 Ng6 12. Be3 c6 13. Ng3 Bxe3 14. fxe3 Kh7 15. Qe2 d5 16. exd5 Nxd5 17. d4 exd4 18. Nxd4 Nf6 19. Rad1 Qc7 20. Qf2 Qe5 21. Bd3 Kg8 22. Nf3 Qc5 23. e4 Qxf2+ 24. Kxf2 Be6 25. Nd4 Ne5 26. Nxe6 Nxd3+ 27. Rxd3 fxe6 28. Ke3 Kf7 29. Red1 Ke7 30. e5 Nd5+ 31. Kd4 Rf4+ 32. Kc5 Rc8 33. Rd4 b6+ 34. Kc4 Ne3+ 35. Kb3 Rxd4 36. Rxd4 Nxg2 37. Rg4 g5 38. Rd4 Nf4 39. h4 c5 40. Rd6 gxh4 41. Nh1 c4+ 42. Ka2 Nd5 0-1